Connaissez-vous le rugby ? - Statistiques

Statistiques générales
  • Ce quiz a été pris 40 fois
  • Le résultat moyen est 7 sur 15
Statistiques - réponses
Question Réponse % Correct
Quelle équipe de rugby est surnommée les "Springboks" ? Afrique du Sud
97%
Quelle équipe a remporté le plus grand nombre de Grand Chelems dans le Tournoi des Six Nations ? Pays de Galles
91%
Quel est le nombre de joueurs dans une équipe de rugby sur le terrain lors d'un match ? 15
79%
Quelle équipe nationale de rugby est surnommée les "All Blacks" ? Nouvelle-Zélande
79%
Quel pays a remporté le premier match de la Coupe du monde de rugby en 1987 ? Nouvelle-Zélande
62%
Dans quelle ville se trouve le stade Eden Park ? Auckland
56%
Qui est le seul joueur à avoir remporté trois Coupes du monde de rugby ? McCaw
53%
Qui a marqué le plus grand nombre de points dans l'histoire de la Coupe du monde ? Wilkinson
53%
Quel joueur détient le record du plus grand nombre de points marqués en une seule Coupe du monde ? Carter
44%
Qui est considéré comme le meilleur joueur de rugby de tous les temps ? McCaw
32%
Quel joueur de rugby avec le plus grand nombre de sélections pour les Lions britanniques et irlandais ? O'Driscoll
21%
Qui est le premier joueur de rugby à être intronisé au Temple de la renommée du rugby international ? Gareth Edwards
6%
Quel joueur de rugby est surnommé "Le Petit Général" ? Fabien Galthié
3%
Quel est le nom du trophée décerné au vainqueur du championnat anglais de rugby (Premiership) ? Gallagher Premiership
0%
Qui est le meilleur marqueur d'essais de l'histoire du rugby international ? Ohata
0%
Aucun quiz correspondant
Distribution des résultats
% des personnes avec chaque résultat
Percentile par nombre de réponses
Votre historique - résultats
Vous n’avez pas pris ce quiz